000 00640nam a2200277Ia 4500
001 Z_873
003 CHAP
008 220113s1981 xx 000 0 und d
010 _a163536
040 _cCHAP
082 _a519.536 D7
100 _aDraper, N R
_934176
245 _aApplied regression analysis /
_cby N. R. Draper and H. Smith
260 _aNew York :
_bWiley,
_c1981
300 _a709 p.
440 _a
500 _a
503 _a
650 _aAnálisis de regresión I. Smith, H.
_9137700
901 _a519.536 D7
902 _aA
910 _a1981
942 _c1
942 _cc1
999 _c163536
_d163536